Regiony (kraje) Słowacji na mapie - Statystyki

Ogólne statystyki
  • Ten quiz został rozwiązany 1 008 razy
  • Średni wynik to 5 z 8
Odpowiedzi na mapie
Odpowiedzi zakodowano w zielono-czerwonej skali na mapie do tego quizu, zgodnie z poniższymi procentami.
 
Statystyki odpowiedzi
Region % Poprawnych
Kraj {bratysławski}
97%
Kraj {koszycki}
84%
Kraj {żyliński}
59%
Kraj {preszowski}
56%
Kraj {trnawski}
51%
Kraj {nitrzański}
50%
Kraj {bańskobystrzycki}
49%
Kraj {trenczyński}
37%
Nie znaleziono quizów pasujących do podanych kryteriów
Rozkład punktacji
Procent ludzi z każdym wynikiem
Percentyl według liczby udzielonych odpowiedzi
Twoja historia wyników
Nie rozwiązałeś tego quizu